00545nam a22001697a 450000500170000001000150001702000260003203500140005803700130007208200130008510000200009824500900011826000350020827000810024330000290032470000220035320180801153838.0 aENG-123661 a9789386906441c495.00 aEN-107193 bDBAD/PUB a613.7046 aMenon, Shailaja aYoga shakti:cby Shailaja Menon; forwarded by Shashi Tharoorbawaken your own power / aNew Delhi bNiyogi Booksc2018 aBlock D, Building No. 77, Okhla Industrial Area, Phase-IbNew Delhi e110020 a179p. c22cm (pbk)bill. aTharoor, Shashi